[Event "Bratislava Centenary Championship"]
[Site "Bratislava"]
[Date "2019.05.17"]
[Round "9.4"]
[White "Bochnicka, Vladimir"]
[Black "Kolman, Richard"]
[Result "0-1"]
[WhiteElo "2108"]
[BlackElo "1995"]
[Annotator "TA"]
[PlyCount "98"]
[EventDate "2019.05.10"]
[EventType "tourn"]
[EventCountry "SVK"]
[SourceTitle "playchess.com"]
[Source "ChessBase"]
[SourceQuality "1"]

{[%evp 20,98,8,10,11,8,12,0,0,0,12,0,0,0,23,0,6,-30,-20,-37,-25,-37,0,0,0,0,50,12,31,0,14,19,14,-63,-61,-74,223,211,406,399,414,340,556,554,494,97,56,-6,0,0,345,340,414,-159,-158,-206,-203,-230,-230,-779,-741,-1006,-482,-443,-447,-425,-396,-29967,-29968,-29965,-29962,-29969,-29972,-29966,-11641,-5314,-5214,-29985,-29986,-29986,-29987]} 1. e4 c5 2. Nf3 Nc6 3. Nc3 e6 4. d4 cxd4 5. Nxd4 Qc7 6. Be2 a6 7. Be3 Nf6 8. a3 b5 9. Nxc6 dxc6 10. f4 Bb7 11. O-O c5 {B49: Sicilian: Taimanov: 5 Nc3 Qc7 6 Be3 a6 7 Be2} (11... Be7 12. e5 Rd8 13. Bd3 Nd7 14. Qg4 g6 15. Ne4 c5 16. Ng5 Bd5 17. Rad1 Qc6 18. Nxf7 Kxf7 19. f5 exf5 20. Bxf5 Nxe5 {0-1 (30) Kriebel,T (2501)-Mihok,O (2538) Germany 2018}) 12. Bf3 b4 13. axb4 $146 ({Predecessor:} 13. e5 bxc3 14. exf6 Rd8 15. Qe2 gxf6 16. bxc3 f5 17. Rab1 Bc8 18. Qc4 Bd6 19. Rfd1 {½-½ (35) Molteni,O-Bazan,O Buenos Aires 1966}) 13... cxb4 {The position is equal.} 14. Na4 Nxe4 15. Bb6 Qc4 16. Re1 f5 $1 17. b3 Qd5 18. Bxe4 fxe4 19. Qg4 Qf5 20. Qg3 Kf7 21. Rad1 {Threatens to win with Rd7+.} Bd5 22. Bd4 Qg6 23. Qe3 {[%mdl 1024] White has compensation.} Qf5 24. Be5 Be7 25. Nb6 $36 {[%cal Ba4b6,Bb6c4,Bc4e3][%mdl 2080] Black is under pressure.} Rad8 26. Bc7 ({Better is} 26. Ra1 $11) 26... Bc6 $1 $15 27. Be5 Bh4 $2 {[%mdl 8192]} (27... g5 $17 {stays on course.} 28. Nc4 (28. Bxh8 $2 gxf4 29. Rxd8 fxe3 $19) 28... gxf4) 28. Nc4 $1 $18 {[%cal Rc4d6] Hoping for Nd6+.} Bd5 $2 (28... Rhe8 {was worth a try.}) 29. Qa7+ Be7 {...Bxc4 would now be nice for Black.} 30. Ne3 Qh5 $2 (30... Ra8 31. Qxe7+ (31. Nxf5 Rxa7 32. Bxg7 Rc8 $11) 31... Kxe7 32. Nxf5+ exf5 33. Rxd5 Rhd8) 31. f5 Rhe8 32. Rf1 $2 (32. fxe6+ $18 Kxe6 33. Qb6+ (33. Nxd5 Qxe5 34. Qb7 Kf5 $11) (33. Rxd5 Rxd5 34. Nxd5 Qxe5 $11) (33. Bxg7 Bc6 $16) 33... Kxe5 34. Rf1 Qxd1 35. Rxd1) 32... Kg8 $16 33. g4 (33. f6 $14 Bxf6 34. Bxf6 gxf6 35. Rxf6) 33... Qh4 34. Bg3 Qh3 $2 {[%mdl 8192]} (34... Qf6 $11) 35. fxe6 $18 Ra8 {[#]} 36. Qc7 $2 (36. Qd7 $1 $18 {[%cal Rd7d5]} Rad8 37. Rxd5 Rxd7 38. exd7) 36... Bxe6 $17 37. Nf5 Bxf5 38. gxf5 Rac8 39. Qb7 $2 (39. Qd7) 39... Rxc2 $19 {[%csl Gc2][%cal Rh3g2]} 40. Bf2 Rxf2 (40... e3 $142 41. Qg2 Qxg2+ 42. Kxg2 e2 {[%mdl 64] Double Attack}) 41. Qd5+ Kh8 {[%csl Gf2][%cal Rh3h2]} 42. Rxf2 {[#]} Bc5 $1 {[%cal Rc5f2][%mdl 512]} 43. Qd7 $2 (43. Rd4 $19 Bxd4 44. Qxd4 Qxb3 45. Rb2) (43. Qxc5 Qg4+) 43... Bxf2+ 44. Kxf2 {[%mdl 4096] Endgame KQR-KQR} e3+ 45. Ke1 Qh4+ 46. Ke2 Qxh2+ 47. Kd3 Qe5 {( -> ...Qe4+)} 48. Ke2 Qb2+ {[%mdl 64] Double Attack} 49. Rd2 Qxd2+ {Accuracy: White = 35%, Black = 47%.} 0-1